| 000 | 00671nam a2200193 a 4500 | ||
|---|---|---|---|
| 001 | 000029218 | ||
| 005 | 20200930055414.0 | ||
| 008 | 110414s2009 dr a 000 0 spa d | ||
| 020 | _a9789587053371 | ||
| 040 |
_aDO-SdBNP _bspa _cBNPHU |
||
| 100 | 1 |
_aPeña Muñoz, Manuel _d1951- _956115 |
|
| 245 | 1 | 0 |
_aHistoria de la literatura infantil en América Latina / _cManuel Peña Muñoz. |
| 260 |
_aBogotá : _bFundación SM, _c2009. |
||
| 300 |
_a820 p. : _bil. ; _c26 cm. |
||
| 500 | _aIncluye referencias bibliográficas y notas al pie de las páginas | ||
| 500 | _aIncluye datos biográficos del autor en la solapa | ||
| 504 | _aBbliografía: p. 810-820 | ||
| 049 | _aBNPD | ||
| 999 |
_c28710 _d28710 |
||